000
00449nam a2200169Ia 4500
008
090711s9999 xx 000 0 und d
082
_b
58308
100
_a
पाटकर मधुकर
245
_a
आमSो भाऊ
260
_c
1971
300
_a
288
600
_a
पाटकर मधुकर
630
_a
आमSो भाऊ
700
_a
पाटकर मधुकर
730
_a
आमSो भाऊ
942
_c
BOOK
999
_c
317234
_d
317234